000 00324nam a2200145Ia 4500
008 191201s2009 xx 000 0 und d
082 _a658
_bAWK
100 _aAWAD, Elias
245 0 _aKnowledge Management
250 _a3rd IMP
260 _aN. Delhi
_bPearson
_c2009
300 _a480
650 _aBBA
942 _2ddc
_cBK
999 _c4436
_d4436